Fundamentalismo y sujeto /
Guardat en:
| Autor principal: | |
|---|---|
| Format: | Text |
| Matèries: | |
| Etiquetes: |
Afegir etiqueta
Sense etiquetes, Sigues el primer a etiquetar aquest registre!
|
MARC
| LEADER | 00000 a a2200000 04500 | ||
|---|---|---|---|
| 001 | 11775 | ||
| 003 | |||
| 040 | |||
| 100 | |a Gutiérrez, Germán | ||
| 245 | |a Fundamentalismo y sujeto / |c Germán Gutiérrez | ||
| 650 | |a INTEGRISMO | ||
| 650 | |a GRUPOS RELIGIOSOS | ||
| 650 | |a LIBERALIZACION ECONOMICA | ||
| 650 | |a IMPERIALISMO | ||
| 650 | |a GUERRA | ||
| 773 | |g número 103; páginas 17-28 | ||
| 999 | |c 40058 |d 40058 | ||
| 773 | 0 | |0 41641 |9 2476 |a Departamento Ecuménico de Investigaciones (DEI) |d San José, Costa Rica Departamento Ecuménico de Investigaciones (DEI) |o 20181 |t Pasos / | |
